| 000 | 00602nam a22001817a 4500 | ||
|---|---|---|---|
| 005 | 20170920125220.0 | ||
| 010 | _aENG-120463 | ||
| 020 |
_a9789382710066 _c300.00 |
||
| 035 | _aEN-103995 | ||
| 037 | _bDBAD/PUB | ||
| 082 | _a181.49 | ||
| 245 |
_aSwami Vivekananda the icon of trinity : _cedited by Chittabrata Palit _breligion,radicalism & revolution / |
||
| 260 |
_aKolkata _bInstitute of Historical Studies _c201? |
||
| 270 |
_bPooja Apartment,8/1,Loudon Street _aKolkata _e700017 |
||
| 300 |
_ax,179p. _c23cm(Hb) |
||
| 700 | _aPalit,Chittabrata | ||
| 942 |
_2ddc _cEN _h181.49 _mSWA |
||
| 999 |
_c145071 _d145071 |
||